Statistics for Minecraft Items by Crafting Table Combinations (With Pictures) #15

Click here to take the quiz!

General Stats

  • This quiz has been taken 37 times
  • The average score is 7 of 9

Answer Stats

Answer% Correct
Oak Wooden Stairs
94%
Banner
85%
Trapped Chest
85%
Blast Furnace
82%
Dispenser
82%
Ender Chest
82%
Anvil
79%
Shears
79%
Redstone Repeater
73%

Score Distribution

Percentile by Number Answered

Percent of People with Each Score

Your Score History

You have not taken this quiz